[Event "DVM U10 2023"]
[Site "Magdeburg GER"]
[Date "2023.12.29"]
[Round "7"]
[White "Hou, Yinuo"]
[Black "Dornheim, Georg Wilhelm"]
[Result "0-1"]
[Termination "normal"]
[Board "15.2"]
[WhiteElo "1211"]
[BlackElo "1025"]
[WhiteClock "00:19:10"]
[BlackClock "00:15:43"]
[WhiteTeam "SF Deizisau"]
[BlackTeam "Schachzwerge Magdeburg"]
[PlyCount "100"]
[BlackFideId "34645438"]
[EventCountry "GER"]
[EventRounds "7"]
[EventType "team-swiss"]
[EventDate "2023.12.27"]

1. e4 {[%clk 00:55:05]} {[%emt 00:00:04]} c5 {[%clk 00:55:03]} {[%emt
00:00:08]} 2. c4 {[%clk 00:55:05]} {[%emt 00:00:04]} Nc6 {[%clk 00:54:48]}
{[%emt 00:00:20]} 3. Nc3 {[%clk 00:54:55]} {[%emt 00:00:15]} e6 {[%clk
00:54:37]} {[%emt 00:00:16]} 4. d3 {[%clk 00:54:52]} {[%emt 00:00:09]} Nf6
{[%clk 00:54:19]} {[%emt 00:00:22]} 5. Nge2 {[%clk 00:54:37]} {[%emt 00:00:20]}
Be7 {[%clk 00:53:59]} {[%emt 00:00:26]} 6. g3 {[%clk 00:54:11]} {[%emt
00:00:30]} O-O {[%clk 00:53:02]} {[%emt 00:01:02]} 7. Bg2 {[%clk 00:53:56]}
{[%emt 00:00:20]} a6 {[%clk 00:51:47]} {[%emt 00:01:21]} 8. O-O {[%clk
00:53:02]} {[%emt 00:00:57]} Rb8 {[%clk 00:51:17]} {[%emt 00:00:36]} 9. Bf4
{[%clk 00:51:39]} {[%emt 00:01:28]} d6 {[%clk 00:51:06]} {[%emt 00:00:15]} 10.
a3 {[%clk 00:50:55]} {[%emt 00:00:50]} b5 {[%clk 00:50:57]} {[%emt 00:00:14]}
11. cxb5 {[%clk 00:50:47]} {[%emt 00:00:13]} axb5 {[%clk 00:50:41]} {[%emt
00:00:21]} 12. Be3 {[%clk 00:50:37]} {[%emt 00:00:15]} c4 {[%clk 00:47:50]}
{[%emt 00:02:57]} 13. d4 {[%clk 00:49:15]} {[%emt 00:01:27]} b4 {[%clk
00:46:56]} {[%emt 00:00:59]} 14. axb4 {[%clk 00:48:56]} {[%emt 00:00:23]} Nxb4
{[%clk 00:46:17]} {[%emt 00:00:44]} 15. f4 {[%clk 00:47:58]} {[%emt 00:01:03]}
Nd3 {[%clk 00:45:06]} {[%emt 00:01:17]} 16. Rb1 {[%clk 00:46:23]} {[%emt
00:01:39]} Ng4 {[%clk 00:44:40]} {[%emt 00:00:31]} 17. Bc1 {[%clk 00:45:15]}
{[%emt 00:01:13]} f5 {[%clk 00:40:44]} {[%emt 00:04:02]} 18. h3 {[%clk
00:43:27]} {[%emt 00:01:52]} Nxc1 {[%clk 00:40:35]} {[%emt 00:00:14]} 19. Qxc1
{[%clk 00:43:18]} {[%emt 00:00:14]} Nf6 {[%clk 00:40:15]} {[%emt 00:00:25]} 20.
e5 {[%clk 00:41:53]} {[%emt 00:01:30]} dxe5 {[%clk 00:40:01]} {[%emt 00:00:19]}
21. dxe5 {[%clk 00:41:17]} {[%emt 00:00:41]} Nd7 {[%clk 00:39:49]} {[%emt
00:00:18]} 22. Rd1 {[%clk 00:38:23]} {[%emt 00:02:58]} Qb6+ {[%clk 00:39:33]}
{[%emt 00:00:21]} 23. Kh2 {[%clk 00:37:41]} {[%emt 00:00:46]} Nc5 {[%clk
00:34:02]} {[%emt 00:05:38]} 24. Qe3 {[%clk 00:35:23]} {[%emt 00:02:21]} Rd8
{[%clk 00:30:30]} {[%emt 00:03:37]} 25. Rxd8+ {[%clk 00:33:58]} {[%emt
00:01:31]} Bxd8 {[%clk 00:30:20]} {[%emt 00:00:15]} 26. b4 {[%clk 00:33:14]}
{[%emt 00:00:50]} cxb3 {[%clk 00:29:38]} {[%emt 00:00:46]} 27. Qd4 {[%clk
00:31:39]} {[%emt 00:01:40]} Ba6 {[%clk 00:28:27]} {[%emt 00:01:16]} 28. Qd6
{[%clk 00:29:58]} {[%emt 00:01:35]} Bxe2 {[%clk 00:27:48]} {[%emt 00:00:54]}
29. Qxb6 {[%clk 00:29:19]} {[%emt 00:00:45]} Rxb6 {[%clk 00:27:12]} {[%emt
00:00:40]} 30. Nxe2 {[%clk 00:29:19]} {[%emt 00:00:06]} b2 {[%clk 00:26:57]}
{[%emt 00:00:21]} 31. Nc3 {[%clk 00:28:47]} {[%emt 00:00:37]} Nd3 {[%clk
00:26:24]} {[%emt 00:00:37]} 32. Na4 {[%clk 00:28:23]} {[%emt 00:00:29]} Rb4
{[%clk 00:25:42]} {[%emt 00:00:48]} 33. Nc3 {[%clk 00:27:35]} {[%emt 00:00:53]}
Rc4 {[%clk 00:24:29]} {[%emt 00:01:17]} 34. Na2 {[%emt 00:01:05]} Ra4 {[%clk
00:23:52]} {[%emt 00:00:39]} 35. Nc3 {[%clk 00:26:21]} {[%emt 00:00:22]} Ra1
{[%clk 00:23:38]} {[%emt 00:00:19]} 36. Bf1 {[%clk 00:25:52]} {[%emt 00:00:28]}
Ba5 {[%clk 00:22:36]} {[%emt 00:01:13]} 37. Bxd3 {[%clk 00:25:33]} {[%emt
00:00:24]} Bxc3 {[%clk 00:22:17]} {[%emt 00:00:24]} 38. Kg2 {[%clk 00:25:20]}
{[%emt 00:00:15]} Kf7 {[%clk 00:21:54]} {[%emt 00:00:31]} 39. Kf2 {[%clk
00:25:13]} {[%emt 00:00:12]} Ke7 {[%clk 00:21:27]} {[%emt 00:00:33]} 40. Ke2
{[%clk 00:24:42]} {[%emt 00:00:35]} Kd7 {[%clk 00:20:50]} {[%emt 00:00:42]} 41.
Kd1 {[%clk 00:24:07]} {[%emt 00:00:41]} Bd4 {[%clk 00:19:40]} {[%emt 00:01:13]}
42. Kc2 {[%clk 00:23:00]} {[%emt 00:01:13]} Kc6 {[%clk 00:19:00]} {[%emt
00:00:45]} 43. Kb3 {[%clk 00:22:29]} {[%emt 00:00:36]} Kc5 {[%clk 00:18:27]}
{[%emt 00:00:38]} 44. g4 {[%clk 00:22:01]} {[%emt 00:00:32]} fxg4 {[%clk
00:18:11]} {[%emt 00:00:22]} 45. hxg4 {[%clk 00:22:00]} {[%emt 00:00:06]} g6
{[%clk 00:18:07]} {[%emt 00:00:09]} 46. g5 {[%clk 00:21:33]} {[%emt 00:00:32]}
Be3 {[%clk 00:18:04]} {[%emt 00:00:09]} 47. Rxb2 {[%clk 00:21:02]} {[%emt
00:00:36]} Bxf4 {[%clk 00:17:52]} {[%emt 00:00:16]} 48. Rc2+ {[%clk 00:20:14]}
{[%emt 00:00:53]} Kd4 {[%clk 00:17:12]} {[%emt 00:00:45]} 49. Rc3 {[%clk
00:19:33]} {[%emt 00:00:42]} Bxg5 {[%clk 00:16:27]} {[%emt 00:00:54]} 50. Bc4
{[%clk 00:19:10]} {[%emt 00:00:27]} Rb1+ {[%clk 00:15:43]} {[%emt 00:00:49]}
0-1

[Event "DVM U10 2023"]
[Site "Magdeburg GER"]
[Date "2023.12.29"]
[Round "7"]
[White "Filimonovs, Timotheus"]
[Black "Gheng, Hannes Lucas"]
[Result "0-1"]
[Termination "normal"]
[Board "15.3"]
[WhiteElo "1060"]
[BlackElo "961"]
[WhiteClock "00:40:17"]
[BlackClock "00:45:37"]
[WhiteTeam "Schachzwerge Magdeburg"]
[BlackTeam "SF Deizisau"]
[PlyCount "68"]
[WhiteFideId "34644547"]
[BlackFideId "34606890"]
[EventCountry "GER"]
[EventRounds "7"]
[EventType "team-swiss"]
[EventDate "2023.12.27"]

1. e4 {[%clk 00:55:05]} {[%emt 01:24:18]} c5 {[%emt 00:00:12]} 2. Nf3 {[%clk
00:55:10]} {[%emt 00:00:02]} Nc6 {[%clk 00:54:54]} {[%emt 00:00:16]} 3. d4
{[%clk 00:55:01]} {[%emt 00:00:13]} cxd4 {[%clk 00:54:46]} {[%emt 00:00:14]} 4.
Nxd4 {[%clk 00:55:00]} {[%emt 00:00:05]} d6 {[%clk 00:54:38]} {[%emt 00:00:13]}
5. Nc3 {[%clk 00:54:56]} {[%emt 00:00:08]} Nf6 {[%clk 00:54:30]} {[%emt
00:00:14]} 6. Be3 {[%clk 00:54:38]} {[%emt 00:00:23]} g6 {[%clk 00:54:23]}
{[%emt 00:00:13]} 7. Bc4 {[%clk 00:54:21]} {[%emt 00:00:22]} e6 {[%clk
00:54:12]} {[%emt 00:00:16]} 8. Qd2 {[%clk 00:54:06]} {[%emt 00:00:19]} Bg7
{[%emt 00:00:23]} 9. f3 {[%emt 00:00:09]} d5 {[%clk 00:53:19]} {[%emt
00:00:26]} 10. Bb3 {[%clk 00:53:29]} {[%emt 00:00:42]} O-O {[%clk 00:53:06]}
{[%emt 00:00:18]} 11. O-O-O {[%clk 00:53:28]} {[%emt 00:00:06]} dxe4 {[%clk
00:52:53]} {[%emt 00:00:18]} 12. fxe4 {[%clk 00:52:58]} {[%emt 00:00:35]} Ng4
{[%clk 00:52:31]} {[%emt 00:00:27]} 13. Bf4 {[%clk 00:52:35]} {[%emt 00:00:28]}
Nxd4 {[%clk 00:51:57]} {[%emt 00:00:40]} 14. h4 {[%clk 00:51:59]} {[%emt
00:00:40]} Nxb3+ {[%clk 00:51:30]} {[%emt 00:00:32]} 15. cxb3 {[%emt 00:00:13]}
Qxd2+ {[%clk 00:50:54]} {[%emt 00:00:38]} 16. Rxd2 {[%clk 00:51:46]} {[%emt
00:00:13]} h5 {[%clk 00:50:46]} {[%emt 00:00:14]} 17. Nb5 {[%clk 00:50:28]}
{[%emt 00:01:20]} a6 {[%clk 00:50:10]} {[%emt 00:00:44]} 18. Nc7 {[%emt
00:00:26]} Rb8 {[%clk 00:49:54]} {[%emt 00:00:20]} 19. Nxe6 {[%clk 00:49:25]}
{[%emt 00:00:47]} Bxe6 {[%clk 00:49:42]} {[%emt 00:00:18]} 20. Bxb8 {[%clk
00:49:08]} {[%emt 00:00:21]} Rxb8 {[%emt 00:00:09]} 21. Rhd1 {[%clk 00:48:41]}
{[%emt 00:00:27]} Bh6 {[%clk 00:49:02]} {[%emt 00:00:47]} 22. Kc2 {[%clk
00:48:13]} {[%emt 00:00:32]} Bxd2 {[%clk 00:48:46]} {[%emt 00:00:21]} 23. Rxd2
{[%clk 00:48:05]} {[%emt 00:00:11]} Nf6 {[%clk 00:47:41]} {[%emt 00:01:12]} 24.
e5 {[%clk 00:47:48]} {[%emt 00:00:23]} Ng4 {[%clk 00:47:25]} {[%emt 00:00:21]}
25. Re2 {[%clk 00:47:13]} {[%emt 00:00:34]} Rc8+ {[%clk 00:47:09]} {[%emt
00:00:27]} 26. Kd2 {[%clk 00:46:24]} {[%emt 00:00:52]} Rc5 {[%clk 00:47:05]}
{[%emt 00:00:11]} 27. b4 {[%clk 00:45:55]} {[%emt 00:00:33]} Rxe5 {[%clk
00:46:59]} {[%emt 00:00:10]} 28. Rxe5 {[%clk 00:45:48]} {[%emt 00:00:13]} Nxe5
{[%clk 00:46:55]} {[%emt 00:00:09]} 29. Ke3 {[%clk 00:45:46]} {[%emt 00:00:06]}
Nc4+ {[%clk 00:46:48]} {[%emt 00:00:14]} 30. Ke4 {[%clk 00:41:57]} {[%emt
00:03:54]} Nxb2 {[%clk 00:46:31]} {[%emt 00:00:22]} 31. Ke5 {[%clk 00:41:23]}
{[%emt 00:00:38]} Bxa2 {[%clk 00:46:21]} {[%emt 00:00:16]} 32. Kd6 {[%clk
00:40:36]} {[%emt 00:00:51]} Bb1 {[%clk 00:45:52]} {[%emt 00:00:35]} 33. Kd7
{[%clk 00:40:21]} {[%emt 00:00:19]} Be4 {[%clk 00:45:41]} {[%emt 00:00:16]} 34.
g3 {[%clk 00:40:17]} {[%emt 00:00:09]} Nd3 {[%clk 00:45:37]} {[%emt 00:00:10]}
0-1

[Event "DVM U10 2023"]
[Site "Magdeburg GER"]
[Date "2023.12.29"]
[Round "7"]
[White "Sandros Izzi, Diego"]
[Black "Heidepriem, Jamie"]
[Result "1-0"]
[Termination "normal"]
[Board "15.4"]
[WhiteElo "900"]
[BlackElo "990"]
[WhiteClock "00:49:04"]
[BlackClock "00:49:24"]
[WhiteTeam "SF Deizisau"]
[BlackTeam "Schachzwerge Magdeburg"]
[PlyCount "81"]
[EventCountry "GER"]
[EventRounds "7"]
[EventType "team-swiss"]
[EventDate "2023.12.27"]

1. e4 {[%clk 00:55:09]} e5 {[%clk 00:55:09]} {[%emt 00:00:01]} 2. Nf3 {[%clk
00:55:03]} {[%emt 00:00:12]} Nc6 {[%clk 00:54:59]} {[%emt 00:00:14]} 3. Bc4
{[%clk 00:55:00]} {[%emt 00:00:08]} Nf6 {[%clk 00:54:54]} {[%emt 00:00:10]} 4.
Nc3 {[%clk 00:54:58]} {[%emt 00:00:08]} Bc5 {[%clk 00:54:48]} {[%emt 00:00:11]}
5. d3 {[%clk 00:54:40]} {[%emt 00:00:21]} d6 {[%clk 00:54:50]} {[%emt
00:00:05]} 6. Be3 {[%clk 00:54:19]} {[%emt 00:00:25]} Bb6 {[%clk 00:54:46]}
{[%emt 00:00:10]} 7. Qd2 {[%clk 00:54:18]} {[%emt 00:00:06]} Be6 {[%clk
00:54:43]} {[%emt 00:00:08]} 8. O-O {[%clk 00:53:53]} {[%emt 00:00:30]} Qd7
{[%clk 00:54:43]} {[%emt 00:00:05]} 9. d4 {[%clk 00:53:24]} {[%emt 00:00:33]}
O-O-O {[%clk 00:54:22]} {[%emt 00:00:26]} 10. d5 {[%clk 00:53:24]} {[%emt
00:00:05]} Bxe3 {[%clk 00:54:10]} {[%emt 00:00:17]} 11. Qxe3 {[%clk 00:53:22]}
{[%emt 00:00:07]} Ng4 {[%clk 00:54:01]} {[%emt 00:00:14]} 12. Qe2 {[%clk
00:53:07]} {[%emt 00:00:19]} Nd4 {[%clk 00:53:57]} {[%emt 00:00:10]} 13. Nxd4
{[%clk 00:52:58]} {[%emt 00:00:14]} exd4 {[%clk 00:53:58]} {[%emt 00:00:05]}
14. dxe6 {[%clk 00:52:46]} {[%emt 00:00:17]} fxe6 {[%clk 00:53:55]} {[%emt
00:00:07]} 15. Qxg4 {[%clk 00:52:44]} {[%emt 00:00:07]} dxc3 {[%clk 00:53:54]}
{[%emt 00:00:07]} 16. Bxe6 {[%clk 00:52:35]} {[%emt 00:00:14]} h5 {[%clk
00:53:48]} {[%emt 00:00:11]} 17. Bxd7+ {[%clk 00:52:33]} {[%emt 00:00:07]} Rxd7
{[%clk 00:53:44]} {[%emt 00:00:09]} 18. Qe2 {[%clk 00:52:23]} {[%emt 00:00:13]}
g5 {[%clk 00:53:28]} {[%emt 00:00:21]} 19. Qe3 {[%clk 00:52:16]} {[%emt
00:00:11]} cxb2 {[%clk 00:51:18]} {[%emt 00:02:17]} 20. Qxa7 {[%clk 00:52:09]}
{[%emt 00:00:13]} Rdd8 {[%clk 00:51:13]} {[%emt 00:00:09]} 21. Rab1 {[%clk
00:52:01]} {[%emt 00:00:13]} Rdg8 {[%clk 00:50:57]} {[%emt 00:00:20]} 22. Rxb2
{[%clk 00:51:56]} {[%emt 00:00:11]} g4 {[%clk 00:50:44]} {[%emt 00:00:18]} 23.
Rxb7 {[%clk 00:51:50]} {[%emt 00:00:11]} h4 {[%clk 00:50:27]} {[%emt 00:00:22]}
24. Rb8+ {[%clk 00:51:41]} {[%emt 00:00:14]} Kd7 {[%clk 00:50:26]} {[%emt
00:00:06]} 25. Rxg8 {[%clk 00:51:27]} {[%emt 00:00:20]} Rxg8 {[%clk 00:50:23]}
{[%emt 00:00:07]} 26. g3 {[%clk 00:51:26]} {[%emt 00:00:07]} hxg3 {[%clk
00:50:24]} {[%emt 00:00:04]} 27. fxg3 {[%clk 00:51:05]} {[%emt 00:00:26]} Re8
{[%clk 00:50:06]} {[%emt 00:00:22]} 28. Qa4+ {[%clk 00:51:00]} {[%emt
00:00:11]} Kd8 {[%clk 00:49:59]} {[%emt 00:00:11]} 29. Rf4 {[%clk 00:50:44]}
{[%emt 00:00:21]} Kc8 {[%clk 00:49:50]} {[%emt 00:00:14]} 30. Qxe8+ {[%clk
00:50:40]} {[%emt 00:00:09]} Kb7 {[%clk 00:49:48]} {[%emt 00:00:07]} 31. Rxg4
{[%clk 00:50:36]} {[%emt 00:00:10]} Kb6 {[%clk 00:49:45]} {[%emt 00:00:08]} 32.
e5 {[%clk 00:50:30]} {[%emt 00:00:10]} dxe5 {[%clk 00:49:44]} {[%emt 00:00:06]}
33. Qe6+ {[%clk 00:50:15]} {[%emt 00:00:21]} c6 {[%clk 00:49:42]} {[%emt
00:00:08]} 34. Rb4+ {[%clk 00:50:00]} {[%emt 00:00:19]} Kc5 {[%clk 00:49:39]}
{[%emt 00:00:07]} 35. Rc4+ {[%clk 00:49:40]} {[%emt 00:00:26]} Kb5 {[%clk
00:49:34]} {[%emt 00:00:08]} 36. a4+ {[%clk 00:49:28]} {[%emt 00:00:18]} Kb6
{[%clk 00:49:31]} {[%emt 00:00:09]} 37. Qxc6+ {[%clk 00:49:17]} {[%emt
00:00:16]} Ka7 {[%clk 00:49:28]} {[%emt 00:00:08]} 38. Qc7+ {[%clk 00:49:12]}
{[%emt 00:00:10]} Ka8 {[%clk 00:49:25]} {[%emt 00:00:08]} 39. a5 {[%clk
00:49:08]} {[%emt 00:00:09]} e4 {[%clk 00:49:24]} {[%emt 00:00:05]} 40. a6
{[%clk 00:49:06]} {[%emt 00:00:08]} e3 {[%clk 00:49:24]} {[%emt 00:00:05]} 41.
Qb7# {[%clk 00:49:04]} {[%emt 00:00:07]} 1-0

[Event "DVM U10 2023"]
[Site "Magdeburg GER"]
[Date "2023.12.29"]
[Round "7"]
[White "Balthasar, Johann"]
[Black "Luible, Sebastian"]
[Result "0-1"]
[Termination "normal"]
[Board "16.1"]
[WhiteElo "911"]
[BlackElo "1128"]
[WhiteClock "00:06:19"]
[BlackClock "00:31:53"]
[WhiteTeam "SC Turm Erfurt"]
[BlackTeam "SF Tegernheim"]
[PlyCount "104"]
[EventCountry "GER"]
[EventRounds "7"]
[EventType "team-swiss"]
[EventDate "2023.12.27"]

1. e4 {[%clk 00:55:08]} {[%emt 00:00:01]} e5 {[%clk 00:55:07]} {[%emt
00:00:03]} 2. Nf3 {[%clk 00:55:05]} {[%emt 00:00:08]} Nf6 {[%clk 00:55:06]}
{[%emt 00:00:07]} 3. Nc3 {[%clk 00:54:40]} {[%emt 00:00:30]} Nc6 {[%clk
00:54:50]} {[%emt 00:00:20]} 4. Bc4 {[%clk 00:53:48]} {[%emt 00:00:57]} Nxe4
{[%clk 00:54:36]} {[%emt 00:00:20]} 5. Nxe4 {[%clk 00:52:57]} {[%emt 00:00:54]}
d5 {[%clk 00:54:34]} {[%emt 00:00:08]} 6. Bxd5 {[%clk 00:52:15]} {[%emt
00:00:45]} Qxd5 {[%clk 00:54:32]} {[%emt 00:00:09]} 7. d3 {[%clk 00:51:47]}
{[%emt 00:00:34]} Bf5 {[%clk 00:52:14]} {[%emt 00:02:21]} 8. Qe2 {[%clk
00:51:07]} {[%emt 00:00:45]} O-O-O {[%clk 00:51:37]} {[%emt 00:00:43]} 9. O-O
{[%clk 00:49:25]} {[%emt 00:01:46]} Bg4 {[%clk 00:50:22]} {[%emt 00:01:18]} 10.
Be3 {[%clk 00:47:37]} {[%emt 00:01:56]} f5 {[%clk 00:49:38]} {[%emt 00:00:49]}
11. Neg5 {[%clk 00:46:43]} {[%emt 00:00:58]} h6 {[%clk 00:48:57]} {[%emt
00:00:45]} 12. c4 {[%clk 00:45:14]} {[%emt 00:01:35]} Qxd3 {[%clk 00:47:51]}
{[%emt 00:01:11]} 13. Qxd3 {[%emt 00:00:04]} Rxd3 {[%emt 00:00:17]} 14. Nf7
{[%clk 00:43:15]} {[%emt 00:01:43]} Rg8 {[%clk 00:47:18]} {[%emt 00:00:38]} 15.
N3xe5 {[%clk 00:42:47]} {[%emt 00:00:32]} Nxe5 {[%clk 00:46:54]} {[%emt
00:00:30]} 16. Nxe5 {[%clk 00:42:40]} {[%emt 00:00:12]} Rd6 {[%clk 00:46:18]}
{[%emt 00:00:41]} 17. Nxg4 {[%clk 00:41:44]} {[%emt 00:01:00]} fxg4 {[%clk
00:46:18]} {[%emt 00:00:07]} 18. Bxa7 {[%emt 00:00:54]} b6 {[%emt 00:00:19]}
19. c5 {[%clk 00:40:05]} {[%emt 00:00:31]} Rg6 {[%clk 00:44:49]} {[%emt
00:01:29]} 20. b4 {[%clk 00:37:45]} {[%emt 00:02:30]} Kb7 {[%clk 00:44:31]}
{[%emt 00:00:23]} 21. a4 {[%clk 00:34:02]} {[%emt 00:03:48]} Kxa7 {[%emt
00:00:18]} 22. cxb6+ {[%clk 00:34:02]} {[%emt 00:00:05]} cxb6 {[%clk 00:44:05]}
{[%emt 00:00:19]} 23. Rfb1 {[%clk 00:31:03]} {[%emt 00:03:03]} Bd6 {[%clk
00:43:14]} {[%emt 00:00:53]} 24. a5 {[%clk 00:30:53]} {[%emt 00:00:18]} Rb8
{[%clk 00:42:45]} {[%emt 00:00:28]} 25. axb6+ {[%clk 00:30:32]} {[%emt
00:00:28]} Kxb6 {[%clk 00:42:29]} {[%emt 00:00:25]} 26. b5 {[%clk 00:30:17]}
{[%emt 00:00:20]} Kb7 {[%clk 00:40:27]} {[%emt 00:02:07]} 27. Ra6 {[%clk
00:26:12]} {[%emt 00:04:10]} Ra8 {[%clk 00:39:14]} {[%emt 00:01:18]} 28. Rc6
{[%clk 00:23:42]} {[%emt 00:02:35]} Rf6 {[%clk 00:38:52]} {[%emt 00:00:25]} 29.
Rcc1 {[%clk 00:20:55]} {[%emt 00:02:52]} Bf8 {[%clk 00:37:28]} {[%emt
00:01:27]} 30. Rd1 {[%clk 00:16:34]} {[%emt 00:04:30]} Rd6 {[%clk 00:37:00]}
{[%emt 00:00:32]} 31. Rxd6 {[%clk 00:14:57]} {[%emt 00:01:42]} Bxd6 {[%clk
00:36:59]} {[%emt 00:00:07]} 32. f3 {[%clk 00:14:35]} {[%emt 00:00:27]} gxf3
{[%clk 00:36:27]} {[%emt 00:00:37]} 33. gxf3 {[%clk 00:14:27]} {[%emt
00:00:12]} Be5 {[%clk 00:36:11]} {[%emt 00:00:19]} 34. Kf2 {[%clk 00:14:05]}
{[%emt 00:00:30]} Kb6 {[%clk 00:35:46]} {[%emt 00:00:28]} 35. Ke3 {[%clk
00:14:05]} {[%emt 00:00:07]} Ra5 {[%clk 00:35:21]} {[%emt 00:00:30]} 36. Ke4
{[%clk 00:13:43]} {[%emt 00:00:27]} Bf6 {[%clk 00:35:02]} {[%emt 00:00:23]} 37.
h4 {[%clk 00:12:23]} {[%emt 00:01:25]} Bxh4 {[%clk 00:34:38]} {[%emt 00:00:29]}
38. f4 {[%clk 00:11:30]} {[%emt 00:00:59]} Rxb5 {[%emt 00:00:34]} 39. Rg1
{[%clk 00:11:12]} Bf6 {[%clk 00:34:18]} {[%emt 00:00:19]} 40. Kf3 {[%clk
00:10:50]} {[%emt 00:00:27]} Kc6 {[%clk 00:33:51]} {[%emt 00:00:27]} 41. Kg4
{[%clk 00:10:47]} {[%emt 00:00:13]} Kd6 {[%clk 00:33:15]} {[%emt 00:00:42]} 42.
Kf3 {[%clk 00:09:39]} {[%emt 00:01:12]} Ke6 {[%clk 00:33:13]} {[%emt 00:00:07]}
43. Re1+ {[%clk 00:09:11]} {[%emt 00:00:33]} Kf5 {[%clk 00:33:03]} {[%emt
00:00:14]} 44. Re3 {[%clk 00:09:05]} {[%emt 00:00:10]} Rc5 {[%clk 00:32:52]}
{[%emt 00:00:16]} 45. Kf2 {[%clk 00:08:39]} {[%emt 00:00:33]} Rc2+ {[%clk
00:32:24]} {[%emt 00:00:33]} 46. Kf1 {[%emt 00:00:18]} Kxf4 {[%emt 00:00:18]}
47. Re1 {[%clk 00:07:50]} {[%emt 00:00:17]} Kf3 {[%clk 00:32:18]} {[%emt
00:00:11]} 48. Kg1 {[%emt 00:00:08]} Bd4+ {[%emt 00:00:15]} 49. Kh1 {[%clk
00:07:15]} {[%emt 00:00:18]} Rc5 {[%clk 00:32:02]} {[%emt 00:00:18]} 50. Rf1+
{[%clk 00:07:12]} {[%emt 00:00:11]} Bf2 {[%emt 00:00:48]} 51. Rxf2+ {[%emt
00:00:01]} Kxf2 {[%emt 00:00:09]} 52. Kh2 {[%clk 00:06:19]} {[%emt 00:00:14]}
Rh5 {[%clk 00:31:53]} {[%emt 00:00:04]} 0-1

[Event "DVM U10 2023"]
[Site "Magdeburg GER"]
[Date "2023.12.29"]
[Round "7"]
[White "Klaus, Simon"]
[Black "Buff, Hannes"]
[Result "1-0"]
[Termination "normal"]
[Board "16.2"]
[WhiteElo "1044"]
[BlackElo "849"]
[WhiteClock "00:38:21"]
[BlackClock "00:42:13"]
[WhiteTeam "SF Tegernheim"]
[BlackTeam "SC Turm Erfurt"]
[PlyCount "55"]
[EventCountry "GER"]
[EventRounds "7"]
[EventType "team-swiss"]
[EventDate "2023.12.27"]

1. e4 {[%clk 00:55:08]} {[%emt 00:00:02]} c5 {[%clk 00:55:03]} {[%emt
00:00:07]} 2. d4 {[%clk 00:55:08]} {[%emt 00:00:05]} cxd4 {[%clk 00:54:59]}
{[%emt 00:00:09]} 3. c3 {[%clk 00:55:08]} {[%emt 00:00:05]} dxc3 {[%emt
00:00:07]} 4. Nxc3 {[%emt 00:00:05]} e6 {[%clk 00:54:26]} {[%emt 00:00:26]} 5.
Nf3 {[%clk 00:55:00]} {[%emt 00:00:13]} Nc6 {[%clk 00:54:24]} {[%emt 00:00:07]}
6. Bc4 {[%clk 00:54:35]} {[%emt 00:00:30]} Qc7 {[%clk 00:54:22]} {[%emt
00:00:07]} 7. Nb5 {[%clk 00:54:02]} {[%emt 00:00:39]} Qb8 {[%clk 00:53:51]}
{[%emt 00:00:35]} 8. O-O {[%clk 00:52:12]} {[%emt 00:01:54]} Nf6 {[%clk
00:53:51]} {[%emt 00:00:07]} 9. Re1 {[%clk 00:51:33]} {[%emt 00:00:44]} Bb4
{[%clk 00:53:26]} {[%emt 00:00:28]} 10. Nd2 {[%clk 00:50:32]} {[%emt 00:01:07]}
O-O {[%clk 00:53:01]} {[%emt 00:00:30]} 11. a3 {[%clk 00:50:13]} {[%emt
00:00:24]} Bxd2 {[%clk 00:52:32]} {[%emt 00:00:34]} 12. Bxd2 {[%clk 00:49:54]}
{[%emt 00:00:24]} a6 {[%clk 00:52:25]} {[%emt 00:00:12]} 13. Nc3 {[%clk
00:49:11]} {[%emt 00:00:48]} b5 {[%emt 00:00:14]} 14. Bd3 {[%emt 00:00:22]} d5
{[%clk 00:51:05]} {[%emt 00:00:49]} 15. Qe2 {[%clk 00:47:28]} {[%emt 00:01:48]}
Nd4 {[%clk 00:49:28]} {[%emt 00:01:41]} 16. Qd1 {[%clk 00:46:25]} {[%emt
00:01:10]} dxe4 {[%clk 00:48:56]} {[%emt 00:00:36]} 17. Nxe4 {[%clk 00:45:48]}
{[%emt 00:00:42]} Nxe4 {[%clk 00:48:50]} {[%emt 00:00:12]} 18. Bxe4 {[%clk
00:45:41]} {[%emt 00:00:12]} Bb7 {[%clk 00:48:28]} {[%emt 00:00:27]} 19. Bb4
{[%clk 00:44:52]} {[%emt 00:00:53]} Rd8 {[%clk 00:48:15]} {[%emt 00:00:18]} 20.
Bc3 {[%clk 00:43:36]} {[%emt 00:01:21]} Bxe4 {[%clk 00:47:28]} {[%emt
00:00:51]} 21. Rxe4 {[%clk 00:43:28]} {[%emt 00:00:14]} Nf5 {[%clk 00:47:08]}
{[%emt 00:00:25]} 22. Qg4 {[%clk 00:43:09]} {[%emt 00:00:23]} Qb7 {[%clk
00:46:07]} {[%emt 00:01:07]} 23. Re3 {[%clk 00:41:51]} {[%emt 00:01:24]} g6
{[%clk 00:45:45]} {[%emt 00:00:26]} 24. Rf3 {[%clk 00:40:53]} {[%emt 00:01:02]}
Qd7 {[%clk 00:45:09]} {[%emt 00:00:42]} 25. h3 {[%clk 00:39:49]} {[%emt
00:01:09]} Qc7 {[%clk 00:43:17]} {[%emt 00:01:58]} 26. Qg5 {[%clk 00:39:01]}
{[%emt 00:00:52]} Rd7 {[%clk 00:42:36]} {[%emt 00:00:47]} 27. Qf6 {[%clk
00:38:34]} {[%emt 00:00:31]} Rad8 {[%clk 00:42:13]} {[%emt 00:00:29]} 28. Qh8#
{[%clk 00:38:21]} {[%emt 00:00:16]} 1-0